[Event "Marienbad Open-A2 2019"]
[Site "Marianske Lazne"]
[Date "2019.01.23"]
[Round "6"]
[White "Kovalev, Andrei"]
[Black "Liu, Guanchu"]
[Result "0-1"]
[WhiteElo "2520"]
[BlackElo "2425"]
[Annotator "RC"]
[PlyCount "94"]
[EventDate "2019.01.17"]
[EventType "tourn"]
[EventCountry "CZE"]
[SourceTitle "playchess.com"]
[Source "ChessBase"]
[SourceQuality "1"]
[TimeControl "40/5400+30:1800+30"]

1. e4 {[%emt 0:03:52]} c5 2. Nf3 {[%emt 0:00:17]} g6 {[%emt 0:00:09]} 3. Bc4 {[%emt 0:04:03]} Bg7 {[%emt 0:01:22]} 4. c3 {[%emt 0:00:08]} d6 {[%emt 0:09:12]} 5. d4 {[%emt 0:00:28]} cxd4 {[%emt 0:02:09]} 6. cxd4 {[%emt 0:00:05]} Nf6 {[%emt 0:00:06]} 7. Nc3 {[%emt 0:00:07]} O-O {[%emt 0:00:15]} 8. h3 {[%emt 0:00:25]} Nxe4 {[%emt 0:08:07]} 9. Nxe4 {[%emt 0:02:09]} d5 {[%emt 0:00:04]} 10. Bd3 {[%emt 0:00:07]} dxe4 {[%emt 0:00:11]} 11. Bxe4 {[%emt 0:00:04]} Nc6 {[%emt 0:00:53]} 12. d5 {[%emt 0:00:42]} Nb4 {[%emt 0:09:13]} 13. Qb3 {[%emt 0:00:51]} Qd6 {[%emt 0:06:50]} 14. O-O {[%emt 0:12:13]} f5 {[%emt 0:07:17]} 15. Bd2 {[%emt 0:01:47]} a5 {[%emt 0:01:34]} 16. Bxb4 {[%emt 0:08:32]} Qxb4 {[%emt 0:03:20]} 17. Bc2 {[%emt 0:03:34]} Qxb3 {[%emt 0:06:53]} 18. Bxb3 {[%emt 0:00:41]} a4 {[%emt 0:00:06]} 19. Bc4 {[%emt 0:01:10]} b5 {[%emt 0:00:35]} 20. Bxb5 {[%emt 0:00:13]} a3 {[%emt 0:00:07]} 21. b3 {[%emt 0:18:34]} Bxa1 {[%emt 0:00:10]} 22. Rxa1 {[%emt 0:00:03]} Bb7 {[%emt 0:05:56]} 23. Bc6 {[%emt 0:05:46]} Bxc6 {[%emt 0:07:11]} 24. dxc6 {[%emt 0:00:04]} Ra5 {[%emt 0:00:02]} 25. Re1 {[%emt 0:04:07]} Rc8 {[%emt 0:00:10]} 26. Ne5 {[%emt 0:04:32]} Rc5 {[%emt 0:00:27]} 27. Re2 {[%emt 0:08:51]} Rc1+ {[%emt 0:09:47]} 28. Kh2 {[%emt 0:00:03]} Rb1 {[%emt 0:00:07]} 29. Rd2 {[%emt 0:03:07]} Rb2 {[%emt 0:03:09]} 30. Rd7 {[%emt 0:00:12]} Kf8 {[%emt 0:00:04]} 31. Ra7 {[%emt 0:03:54]} Rxa2 {[%emt 0:00:04]} 32. f4 {[%emt 0:04:01]} Ra1 {[%emt 0:04:35]} 33. Kg3 {[%emt 0:01:54]} a2 {[%emt 0:00:04]} 34. Kh4 {[%emt 0:07:58]} Rf1 {[%emt 0:01:23]} 35. Rxa2 {[%emt 0:00:13]} Rxf4+ {[%emt 0:00:03]} 36. g4 {[%emt 0:00:33]} Rb4 {[%emt 0:00:28]} 37. Re2 {[%emt 0:02:02]} Rxb3 {[%emt 0:00:24]} 38. gxf5 {[%emt 0:00:39]} gxf5 {[%emt 0:00:08]} 39. Kg5 {[%emt 0:00:24]} Rxh3 {[%emt 0:02:18]} 40. Kxf5 {[%emt 0:00:28]} Rh6 {[%emt 0:09:21]} 41. Rc2 {[%emt 0:30:36]} Rc7 {[%emt 0:35:14]} 42. Ke4 {[%emt 0:00:00]} e6 {[%emt 0:00:00]} 43. Kd4 {[%emt 0:00:00]} Rh5 {[%emt 0:00:00]} 44. Re2 {[%emt 0:00:00]} Ke7 {[%emt 0:00:00]} 45. Kc5 {[%emt 0:00:00]} Rc8 {[%emt 0:00:00]} 46. Kb6 {[%emt 0:00:00]} Rxe5 {[%emt 0:00:00]} 47. Rxe5 {[%emt 0:00:00]} Kd6 {[%emt 0:00:00]} 0-1

[Event "Marienbad Open-A2 2019"]
[Site "Marianske Lazne"]
[Date "2019.01.23"]
[Round "6"]
[White "Kriebel, Tadeas"]
[Black "Yeritsyan, Aram"]
[Result "1/2-1/2"]
[WhiteElo "2519"]
[BlackElo "2349"]
[Annotator "TA"]
[PlyCount "105"]
[EventDate "2019.01.17"]
[EventType "tourn"]
[EventCountry "CZE"]
[SourceTitle "playchess.com"]
[Source "ChessBase"]
[SourceQuality "1"]

{[%evp 20,105,0,0,13,15,23,24,17,24,25,20,29,28,29,17,22,20,20,22,17,17,17,17,17,19,29,4,19,44,89,89,66,70,129,129,129,120,171,171,203,200,310,295,316,314,314,306,556,560,509,119,101,0,0,0,0,0,0,0,0,0,0,0,0,0,0,0,0,0,0,0,0,0,0,0,0,0,0,0,0,0,0,0,0,0,0,0]} 1. e4 e6 2. d4 d5 3. Nc3 Nf6 4. e5 Nfd7 5. f4 c5 6. Nf3 Nc6 7. Be3 cxd4 8. Nxd4 Qb6 9. Qd2 Qxb2 10. Rb1 Qa3 11. Bb5 {And now Rb3 would win.} Nxd4 {C11: French: Classical System: 4 e5 and 4 Bg5 dxe4} 12. Bxd4 a6 13. Bxd7+ Bxd7 {White has an edge.} 14. Rb3 Qe7 $1 15. Rxb7 Qd8 16. O-O Rc8 17. Qf2 Rxc3 {[%mdl 64] Decoy} 18. Bxc3 Qc8 19. Rb3 {[#] Bd4 is the strong threat.} Ba4 $146 20. Bd4 Bxb3 21. axb3 Be7 22. c3 O-O 23. Ra1 Qb7 24. b4 Rc8 {[#]} 25. f5 $1 exf5 26. Qxf5 Rc6 (26... Qc6 $1 $14) 27. Ra5 $16 g6 28. Qf4 Rc4 {[#]} (28... Qc8 $16 29. Rxd5 Rc4) 29. e6 $1 $36 {[%mdl 2560] Keeping Black busy.} fxe6 30. Qe5 {[%csl Gd4][%cal Re5g7]} Kf7 (30... Rxd4 $142 31. Qxe6+ (31. cxd4 Qc8 $16) (31. Qxd4 Bd8 $15) 31... Kg7 32. cxd4 Qxb4) 31. Ra1 Qc8 32. Qg7+ Ke8 33. Qxh7 Bxb4 $2 (33... g5 34. Rf1 Qc7) 34. Qxg6+ Kd7 35. Re1 $2 (35. cxb4 $18 Rc1+ 36. Kf2 Qf8+ 37. Qf6 Rc2+ 38. Kf3) 35... Rxd4 $16 36. Qf7+ (36. Qxe6+ $16 Kc7 37. cxd4 (37. Qe5+ Kb6 $16) 37... Bxe1 38. Qxe1) 36... Kd6 $11 {The position is equal.} 37. cxb4 Rxb4 {[%mdl 4096] Endgame KQR-KQR} 38. h3 a5 39. Kh1 a4 40. Qa7 Qb7 41. Qe3 Rb1 42. Qf4+ Kc5 43. Qf2+ Kd6 {Hoping for ...Rxe1+.} 44. Qf4+ Kc5 45. Qf8+ Kc6 46. Qe8+ {[%mdl 64] Double Attack} Kc7 47. Qe7+ Kb8 48. Qe8+ Kc7 49. Qe7+ Kc6 50. Qe8+ Kc5 51. Qf8+ Kd4 (51... Kc6 $5 52. Qe8+ $8 $11 {[%mdl 64] Double Attack}) 52. Qf6+ Kc5 53. Qf8+ {Accuracy: White = 75%, Black = 69%.} 1/2-1/2

[Event "Marienbad Open-A2 2019"]
[Site "Marianske Lazne"]
[Date "2019.01.23"]
[Round "6"]
[White "Swayams, Mishra"]
[Black "Kulkarni Bhakti"]
[Result "1-0"]
[WhiteElo "2432"]
[BlackElo "2303"]
[Annotator "TA"]
[PlyCount "85"]
[EventDate "2019.01.17"]
[EventType "tourn"]
[EventCountry "CZE"]
[SourceTitle "playchess.com"]
[Source "ChessBase"]
[SourceQuality "1"]

{[%evp 14,85,5,5,25,25,23,12,91,51,58,66,71,62,138,143,131,122,177,179,201,210,206,207,167,192,210,210,204,193,183,171,179,174,186,149,149,122,121,121,145,145,146,140,150,151,139,135,145,133,146,121,192,193,184,187,205,202,308,204,342,246,406,384,459,446,463,464,395,423,765,768,765,761]} 1. Nf3 d5 2. d4 Nf6 3. Bf4 e6 4. e3 Be7 5. Bd3 O-O 6. Nbd2 c5 {D02: 1 d4 d5 2 Nf3 sidelines, including 2...Nf6 3 g3 and 2...Nf6 3 Bf4} 7. c3 b6 (7... Nc6 8. Ne5 Nd7 9. Qh5 f5 10. Nxd7 Bxd7 11. h4 b5 12. a3 a5 13. dxc5 e5 14. Bg5 Be8 15. Bxe7 Qxe7 16. Qg5 Qe6 {0-1 (30) Kamsky,G (2675)-Alekseenko,K (2635) St Petersburg 2018}) 8. Ne5 {LiveBook: 22 Games} Bd6 {The position is equal.} 9. Qf3 Qc7 $146 ({Predecessor:} 9... cxd4 10. exd4 Ba6 11. Bc2 Qc7 12. Qh3 Nc6 13. Ng4 Ne4 14. Bxd6 Qxd6 {0-1 (51) Guzhova,A (1554)-Semenova,A (1775) Kazan 2018}) 10. Qh3 g6 (10... Ba6 $11) 11. Qh4 Nh5 12. Bh6 Be7 13. Qh3 Re8 (13... Ng7 $1 $14) 14. g4 $36 {[%mdl 2048] White is really pushing.} Nf6 15. Bf4 {Hoping for Nxg6.} Qb7 (15... Bd6 $16) 16. Ndf3 $18 {Threatens to win with Ng5.} Bf8 {[#]} 17. Ng5 $1 Re7 18. Qh4 Bg7 19. Rg1 Nbd7 20. Nxd7 Qxd7 21. Be5 {And now Bxf6 would win.} cxd4 22. exd4 h6 {[#]} 23. Nf3 $1 Ne4 24. Bxg7 Kxg7 25. g5 h5 26. Ne5 Qc7 27. Bxe4 dxe4 28. Qxe4 Bb7 29. Qf4 b5 30. Rg3 a5 31. Re3 Kg8 32. f3 b4 (32... Bd5 $16 {is a better defense.}) 33. c4 Rd8 34. Kf2 Red7 35. Rd1 Ba6 (35... Re7 {was called for.} 36. Qf6 Ra8) 36. b3 a4 (36... Bb7 {was necessary.} 37. Ree1 Rc8) 37. Kg3 Rd6 $2 (37... axb3 38. axb3 (38. Nxd7 h4+ 39. Kg4 Qxd7 $17) 38... Re7) 38. h4 Bb7 39. c5 Rd5 {[#]} 40. Nxg6 $1 {[%mdl 512]} Qxf4+ (40... fxg6 41. Qxc7) 41. Nxf4 Rxd4 (41... Rxc5 $142 42. dxc5 Rxd1) 42. Rxd4 Rxd4 43. Rd3 {Accuracy: White = 82%, Black = 33%.} 1-0

[Event "Marienbad Open-A2 2019"]
[Site "Marianske Lazne"]
[Date "2019.01.23"]
[Round "6"]
[White "Gungl, Theo"]
[Black "Simacek, Pavel"]
[Result "0-1"]
[WhiteElo "2368"]
[BlackElo "2481"]
[Annotator "TA"]
[PlyCount "79"]
[EventDate "2019.01.17"]
[EventType "tourn"]
[EventCountry "CZE"]
[SourceTitle "playchess.com"]
[Source "ChessBase"]
[SourceQuality "1"]

{[%evp 12,79,29,14,21,19,32,0,53,-21,-13,-25,-7,-44,-64,-185,-179,-187,-136,-133,-134,-160,-162,-165,-163,-170,-170,-163,-167,-150,-146,-136,-122,-159,-152,-160,-143,-179,-177,-243,-179,-254,-246,-244,-241,-244,-238,-221,-230,-268,-238,-252,-237,-236,-231,-231,-234,-261,-244,-286,-252,-341,-341,-360,-368,-395,-378,-614,-608,-597]} 1. e4 e5 2. Nf3 Nc6 3. Bb5 a6 4. Bxc6 dxc6 5. O-O f6 6. d4 Bg4 7. c3 Qe7 {C69: Ruy Lopez: Exchange Variation with 5 0-0 f6} (7... Bd6 8. Nbd2 Ne7 9. h3 Bh5 10. dxe5 Bxe5 11. Nc4 Qxd1 12. Rxd1 Bxf3 13. gxf3 Ng6 14. Be3 b6 15. Kf1 Ke7 16. Rd2 {½-½ (34) Guseinov,G (2664)-Shirov,A (2643) St Petersburg 2018}) 8. Nbd2 O-O-O 9. Qc2 g5 $146 (9... exd4 $11 10. cxd4 Qe6) ({Predecessor:} 9... Qe6 10. a4 Bd6 11. b4 f5 12. Re1 exd4 13. Nxd4 Qg6 14. exf5 Qh5 15. Nf1 {1-0 (67) Gvanceladze,A (2264)-Stetsko,L (2194) St Petersburg 2018}) 10. a4 (10. b4 $1 $14) 10... exd4 $11 11. cxd4 Qe6 12. Qc3 Bxf3 $1 13. gxf3 ({Better is} 13. d5 $15 cxd5 14. Nxf3) 13... Ne7 $19 14. Qb3 Qxb3 (14... Qd7 $19 15. Qf7 Ng6 16. Qxd7+ Rxd7) 15. Nxb3 $17 Ng6 16. Rd1 Bd6 17. h3 Nh4 18. Kf1 Nxf3 19. Ke2 Nh4 20. Be3 Rde8 21. f3 h5 22. Nd2 Ng6 23. Rg1 Bh2 24. Rg2 {[#]} Bf4 $1 25. Rh1 (25. Bf2 $142) 25... Rh7 26. Nf1 (26. Rgg1 $142) 26... Rd7 27. Ng3 Nh4 28. Rgg1 Bxg3 29. Rxg3 {[#]} Nf5 $1 {[%cal Rf5g3][%mdl 512]} 30. Rgg1 (30. exf5 Rde7) 30... h4 ({Don't take} 30... Nxd4+ 31. Kf2 $19) 31. Kf2 Nxd4 32. Rd1 Ne6 33. Rxd7 Kxd7 $19 {[%mdl 4096] Endgame KRB-KRN} 34. Rc1 Ke7 35. Ke2 Rd8 36. b3 Kd6 37. Rd1+ Ke5 38. Rc1 {[#]} c5 $1 39. Kf2 $2 (39. a5) (39. Bxc5 Nf4+) 39... Rd3 40. Bxc5 {Accuracy: White = 39%, Black = 90%.} 0-1

[Event "Marienbad Open-A2 2019"]
[Site "Marianske Lazne"]
[Date "2019.01.23"]
[Round "6"]
[White "Swicarz, Maciej"]
[Black "Vokac, Marek"]
[Result "1-0"]
[WhiteElo "2331"]
[BlackElo "2380"]
[Annotator "NA"]
[PlyCount "111"]
[EventDate "2019.01.17"]
[EventType "tourn"]
[EventCountry "CZE"]
[SourceTitle "playchess.com"]
[Source "ChessBase"]
[SourceQuality "1"]
[TimeControl "40/5400+30:1800+30"]

1. e4 {[%emt 0:00:00]} c5 {[%emt 0:00:55]} 2. Nf3 {[%emt 0:00:11]} d6 {[%emt 0:00:30]} 3. d4 {[%emt 0:00:23]} cxd4 {[%emt 0:00:08]} 4. Nxd4 {[%emt 0:00:05]} Nf6 {[%emt 0:00:11]} 5. Nc3 {[%emt 0:00:06]} a6 {[%emt 0:00:31]} 6. f3 {[%emt 0:02:34]} e5 {[%emt 0:00:37]} 7. Nb3 {[%emt 0:00:04]} Be7 {[%emt 0:00:49]} 8. Be3 {[%emt 0:00:05]} Be6 {[%emt 0:00:09]} 9. Qd2 {[%emt 0:00:19]} O-O {[%emt 0:00:06]} 10. O-O-O {[%emt 0:00:36]} a5 {[%emt 0:00:15]} 11. a4 {[%emt 0:00:19]} Na6 {[%emt 0:00:29]} 12. g4 {[%emt 0:02:00]} Nb4 {[%emt 0:01:03]} 13. g5 {[%emt 0:04:13]} Nh5 {[%emt 0:00:13]} 14. h4 {[%emt 0:02:32]} Qc8 {[%emt 0:05:19]} 15. Kb1 {[%emt 0:02:30]} Ng3 {[%emt 0:03:03]} 16. Rg1 {[%emt 0:07:45]} Nxf1 {[%emt 0:00:28]} 17. Rgxf1 {[%emt 0:00:23]} Qc4 {[%emt 0:00:20]} 18. Nc1 {[%emt 0:05:59]} Rfc8 {[%emt 0:07:11]} 19. f4 {[%emt 0:07:08]} Bg4 {[%emt 0:14:07]} 20. Rde1 {[%emt 0:02:54]} d5 {[%emt 0:16:14]} 21. fxe5 {[%emt 0:21:21]} dxe4 {[%emt 0:01:30]} 22. Rf4 {[%emt 0:06:13]} Be6 {[%emt 0:02:06]} 23. N1e2 {[%emt 0:11:26]} Rd8 {[%emt 0:04:05]} 24. Nd4 {[%emt 0:01:40]} Na2 {[%emt 0:11:49]} 25. Nxe4 {[%emt 0:02:01]} Qxa4 {[%emt 0:05:37]} 26. Nxe6 {[%emt 0:02:16]} Rxd2 {[%emt 0:01:29]} 27. Nf6+ {[%emt 0:00:12]} gxf6 {[%emt 0:02:19]} 28. Rxa4 {[%emt 0:00:04]} Rg2 {[%emt 0:02:19]} 29. Nf4 {[%emt 0:02:47]} Rg4 {[%emt 0:03:12]} 30. Rxa2 {[%emt 0:01:57]} fxe5 {[%emt 0:01:29]} 31. Nd5 {[%emt 0:00:04]} Bd8 {[%emt 0:00:08]} 32. Bb6 {[%emt 0:01:59]} Rxh4 {[%emt 0:01:29]} 33. Bxd8 {[%emt 0:00:11]} Rxd8 {[%emt 0:00:06]} 34. Rxa5 {[%emt 0:00:12]} Kg7 {[%emt 0:03:11]} 35. Ne7 {[%emt 0:03:52]} Rh2 {[%emt 0:00:54]} 36. Raxe5 {[%emt 0:01:24]} Rdd2 {[%emt 0:00:09]} 37. Rc5 {[%emt 0:00:42]} Rde2 {[%emt 0:01:16]} 38. Nf5+ {[%emt 0:04:32]} Kg6 {[%emt 0:00:31]} 39. Ne7+ {[%emt 0:00:26]} Kg7 {[%emt 0:00:10]} 40. Nf5+ {[%emt 0:00:04]} Kg6 {[%emt 0:00:11]} 41. Rd1 {[%emt 0:34:40]} b6 {[%emt 0:31:36]} 42. Rd6+ {[%emt 0:01:15]} Kxg5 {[%emt 0:01:45]} 43. Rxb6 {[%emt 0:00:16]} Ref2 {[%emt 0:02:56]} 44. Nd6+ {[%emt 0:00:00]} Kg4 {[%emt 0:00:00]} 45. Rb4+ {[%emt 0:00:00]} Rf4 {[%emt 0:00:00]} 46. Rxf4+ {[%emt 0:00:00]} Kxf4 {[%emt 0:00:00]} 47. Rf5+ {[%emt 0:00:00]} Kg4 {[%emt 0:00:00]} 48. Rxf7 {[%emt 0:00:00]} h5 {[%emt 0:00:00]} 49. Nf5 {[%emt 0:00:00]} Re2 {[%emt 0:00:00]} 50. b3 {[%emt 0:00:00]} Re5 {[%emt 0:00:00]} 51. Nd4 {[%emt 0:00:00]} Re3 {[%emt 0:00:00]} 52. Kc1 {[%emt 0:00:00]} h4 {[%emt 0:00:00]} 53. Kd2 {[%emt 0:00:00]} Re8 {[%emt 0:00:00]} 54. Rg7+ {[%emt 0:00:00]} Kh3 {[%emt 0:00:00]} 55. Nf5 {[%emt 0:00:00]} Re5 {[%emt 0:00:00]} 56. Nxh4 {[%emt 0:00:00]} 1-0

[Event "Marienbad Open-A2 2019"]
[Site "Marianske Lazne"]
[Date "2019.01.24"]
[Round "7"]
[White "Simacek, Pavel"]
[Black "Swicarz, Maciej"]
[Result "1-0"]
[WhiteElo "2481"]
[BlackElo "2331"]
[Annotator "TA"]
[PlyCount "45"]
[EventDate "2019.01.17"]
[EventType "tourn"]
[EventCountry "CZE"]
[SourceTitle "playchess.com"]
[Source "ChessBase"]
[SourceQuality "1"]

{[%evp 14,45,34,20,27,24,31,42,76,56,74,69,77,55,75,50,64,72,65,65,117,103,190,135,228,233,288,282,1134,1164,1165,1113,1066,1042]} 1. d4 d5 2. c4 c6 3. Nc3 e6 4. e3 f5 5. Qc2 Nf6 6. Bd3 Be7 {A84: Dutch Defence: 2 c4 Miscellaneous} (6... a6 7. Nge2 Bd6 8. f3 O-O 9. Bd2 dxc4 10. Bxc4 b5 11. Bb3 a5 12. a3 Kh8 13. e4 fxe4 14. Nxe4 Nxe4 15. Qxe4 {1-0 (46) Mamedyarov,S (2768)-Bosiocic,M (2591) Doha 2016}) 7. Nge2 O-O 8. f3 {LiveBook: 3 Games} Na6 {The position is equal.} 9. a3 c5 10. O-O Kh8 11. Rd1 $146 ({Predecessor:} 11. Bd2 b6 12. Rad1 Nc7 13. cxd5 Ncxd5 14. Nxd5 Nxd5 {1-0 (35) Susanu,M-Bayer,C (2270) Bayern 1999}) 11... Qc7 12. b3 dxc4 13. Bxc4 Bd7 14. d5 exd5 15. Nxd5 Nxd5 16. Bxd5 Bc6 (16... Rae8 $14) 17. Nf4 $16 Qb6 (17... Bf6 $16 18. Rb1 (18. Qxf5 Bxd5 19. Nxd5 Bxa1 $15 {[%mdl 64] Discovered Attack (Double check)}) 18... Qe7) 18. Bb2 (18. Bc4 $18) 18... Bf6 {[#]} (18... Bxd5 $16 19. Nxd5 Qe6) 19. Bc4 $1 $18 Nc7 20. Qxf5 {White threatens Ng6+! and mate.} Bd7 $2 {[#]} ({And not} 20... Bxb2 {[#]} 21. Ng6+ $1 {[%mdl 512]} hxg6 22. Qh3#) (20... Bd5) 21. Ng6+ $1 {[%mdl 512] White is clearly winning.} hxg6 22. Qxd7 {White wants to mate with Qh3+.} Ne6 23. Rd6 {[%mdl 64] Double Attack. Accuracy: White = 98%, Black = 16%.} 1-0

[Event "Marienbad Open-A2 2019"]
[Site "Marianske Lazne"]
[Date "2019.01.24"]
[Round "7"]
[White "Liu, Guanchu"]
[Black "Gungl, Theo"]
[Result "1-0"]
[WhiteElo "2425"]
[BlackElo "2368"]
[Annotator "TA"]
[PlyCount "65"]
[EventDate "2019.01.17"]
[EventType "tourn"]
[EventCountry "CZE"]
[SourceTitle "playchess.com"]
[Source "ChessBase"]
[SourceQuality "1"]

{[%evp 22,65,168,109,118,113,146,175,130,109,123,120,116,115,337,337,304,314,322,215,221,206,201,122,128,134,529,398,710,688,699,571,589,528,525,535,664,511,559,534,697,599,652,533,5809,1469]} 1. e4 c5 2. Nf3 d6 3. d4 cxd4 4. Nxd4 Nf6 5. Nc3 a6 6. Be3 e6 7. g4 b5 8. g5 Nfd7 9. a3 Bb7 10. h4 {[%cal Bh2h4,Bh4h5,Bh5h6][%mdl 32]} Nb6 11. h5 N8d7 12. Rh3 {LiveBook: 9 Games. B81: Sicilian Scheveningen: Keres Attack} (12. g6 $18) 12... Ne5 13. g6 Be7 14. gxf7+ {White is clearly better.} ({Much less strong is} 14. h6 hxg6 15. hxg7 Rg8 $14) 14... Kxf7 15. h6 $146 ({Predecessor:} 15. Qe2 Bf6 16. f4 Nec4 17. O-O-O Qc7 18. f5 exf5 19. Nxf5 Rhd8 {1-0 (29) De Firmian,N (2475)-Winslow,E (2375) Berkeley 1983}) 15... g6 16. Qe2 $1 Rc8 17. f4 $1 {[%cal Rf4e5]} Bh4+ $2 (17... Nec4 $16 {was worth a try.}) 18. Bf2 $18 Bxf2+ 19. Qxf2 Ng4 20. Qe2 Nf6 {[#]} 21. O-O-O $1 Re8 22. Nf3 Kg8 23. Ng5 Nh5 $2 {[%mdl 8192]} (23... Qe7 $16) 24. Qf2 e5 $2 {[#]} (24... Nf6 25. e5 Nfd5) 25. Rxh5 $1 {[%mdl 512] White is clearly winning.} gxh5 26. Qg1 {Intending Nf3+ and mate.} Qf6 27. Qxb6 Qxf4+ 28. Kb1 {And now Bh3 would win.} Qxg5 29. Qxb7 Qxh6 30. Qxa6 h4 31. Rxd6 Qe3 32. Ka2 b4 33. Nd5 {Precision: White = 80%, Black = 38%.} (33. Bc4+ $142 Kh8 {[#]} 34. Rd8 $1 {[%mdl 512]}) 1-0

[Event "Marienbad Open-A2 2019"]
[Site "Marianske Lazne"]
[Date "2019.01.24"]
[Round "7"]
[White "Vokac, Marek"]
[Black "Swayams, Mishra"]
[Result "0-1"]
[WhiteElo "2380"]
[BlackElo "2432"]
[Annotator "NA RC"]
[PlyCount "66"]
[EventDate "2019.01.17"]
[EventType "tourn"]
[EventCountry "CZE"]
[SourceTitle "playchess.com"]
[Source "ChessBase"]
[SourceQuality "1"]
[TimeControl "40/5400+30:1800+30"]

1. c4 {[%emt 0:00:47]} e6 {[%emt 0:02:46]} 2. Nc3 {[%emt 0:00:17]} d5 {[%emt 0:00:11]} 3. d4 {[%emt 0:00:10]} Nf6 {[%emt 0:00:12]} 4. Bg5 {[%emt 0:00:25]} Bb4 {[%emt 0:04:14]} 5. cxd5 {[%emt 0:01:15]} exd5 {[%emt 0:00:03]} 6. e3 h6 7. Bxf6 {[%emt 0:07:53]} Qxf6 {[%emt 0:01:14]} 8. Qb3 Qd6 9. a3 {[%emt 0:12:44]} Bxc3+ {[%emt 0:12:14]} 10. bxc3 {[%emt 0:06:02]} O-O {[%emt 0:00:46]} 11. Nf3 {[%emt 0:00:30]} c5 {[%emt 0:03:01]} 12. dxc5 {[%emt 0:02:24]} Qxc5 {[%emt 0:00:48]} 13. Qb4 {[%emt 0:00:08]} Qc7 {[%emt 0:06:17]} 14. Bd3 {[%emt 0:00:10]} Be6 {[%emt 0:00:27]} 15. O-O {[%emt 0:10:33]} Nd7 {[%emt 0:02:15]} 16. Nd4 {[%emt 0:03:15]} Ne5 {[%emt 0:00:39]} 17. Be2 {[%emt 0:03:02]} Rac8 {[%emt 0:01:48]} 18. Rab1 {[%emt 0:17:02]} b6 {[%emt 0:03:56]} 19. Ba6 {[%emt 0:00:04]} Rcd8 {[%emt 0:00:35]} 20. Rbc1 {[%emt 0:02:56]} Bc8 {[%emt 0:13:30]} 21. Be2 {[%emt 0:01:24]} Bb7 {[%emt 0:05:47]} 22. a4 {[%emt 0:04:06]} Rfe8 {[%emt 0:01:55]} 23. h3 {[%emt 0:03:35]} Kh8 {[%emt 0:27:35]} 24. Rcd1 {[%emt 0:04:59]} a6 {[%emt 0:02:24]} 25. Rb1 {[%emt 0:06:22]} Rd6 {[%emt 0:06:10]} 26. a5 {[%emt 0:00:08]} Nd7 {[%emt 0:00:27]} 27. Bg4 {[%emt 0:01:30]} b5 {[%emt 0:00:43]} 28. Bxd7 {[%emt 0:04:29]} Qxd7 {[%emt 0:00:06]} 29. Rbd1 {[%emt 0:00:20]} Rg6 {[%emt 0:00:29]} 30. Kh2 {[%emt 0:01:33]} Re4 {[%emt 0:00:53]} 31. Rh1 {[%emt 0:02:42]} Rh4 {[%emt 0:01:33]} 32. f4 {[%emt 0:00:57]} Qg4 {[%emt 0:00:24]} 33. Qb2 {[%emt 0:01:36]} Rxh3+ {[%emt 0:00:08]} 0-1

[Event "Marienbad Open-A2 2019"]
[Site "Marianske Lazne"]
[Date "2019.01.24"]
[Round "7"]
[White "Yeritsyan, Aram"]
[Black "Kovalev, Andrei"]
[Result "1/2-1/2"]
[WhiteElo "2349"]
[BlackElo "2520"]
[Annotator "ChessBase"]
[PlyCount "96"]
[EventDate "2019.01.17"]
[EventType "tourn"]
[EventCountry "CZE"]
[SourceTitle "playchess.com"]
[Source "ChessBase"]
[SourceQuality "1"]
[TimeControl "40/5400+30:1800+30"]

1. e4 {[%emt 0:00:00]} c5 {[%emt 0:00:00]} 2. Nf3 {[%emt 0:00:00]} e6 {[%emt 0:00:06]} 3. d4 {[%emt 0:00:00]} cxd4 {[%emt 0:00:05]} 4. Nxd4 {[%emt 0:00:00]} a6 {[%emt 0:00:08]} 5. c4 {[%emt 0:00:00]} Nf6 {[%emt 0:00:31]} 6. Nc3 {[%emt 0:00:00]} Qc7 {[%emt 0:00:05]} 7. Be2 {[%emt 0:00:00]} b6 {[%emt 0:00:17]} 8. Be3 {[%emt 0:01:25]} Bb7 {[%emt 0:00:43]} 9. f3 {[%emt 0:00:05]} Nc6 {[%emt 0:00:26]} 10. Qd2 {[%emt 0:01:54]} Bc5 {[%emt 0:06:48]} 11. O-O {[%emt 0:03:31]} Nxd4 {[%emt 0:03:49]} 12. Bxd4 {[%emt 0:01:46]} Qd6 {[%emt 0:06:19]} 13. Rfd1 {[%emt 0:01:20]} Qxd4+ {[%emt 0:08:21]} 14. Qxd4 {[%emt 0:00:44]} Bxd4+ {[%emt 0:00:12]} 15. Rxd4 {[%emt 0:00:05]} e5 {[%emt 0:00:03]} 16. Rd6 {[%emt 0:05:35]} Bc6 {[%emt 0:00:11]} 17. b4 {[%emt 0:00:03]} Ke7 {[%emt 0:00:16]} 18. Rad1 {[%emt 0:00:27]} Rhc8 {[%emt 0:07:16]} 19. f4 {[%emt 0:15:49]} exf4 {[%emt 0:19:54]} 20. e5 {[%emt 0:19:56]} Ne8 {[%emt 0:00:12]} 21. R6d4 {[%emt 0:07:42]} f6 {[%emt 0:10:26]} 22. exf6+ {[%emt 0:03:32]} Nxf6 {[%emt 0:00:06]} 23. Rxf4 {[%emt 0:00:02]} Re8 {[%emt 0:02:23]} 24. Rfd4 {[%emt 0:04:18]} Kd8 {[%emt 0:03:10]} 25. Bd3 {[%emt 0:02:48]} Kc7 {[%emt 0:02:04]} 26. Rc1 {[%emt 0:17:51]} Re5 {[%emt 0:07:28]} 27. b5 {[%emt 0:03:21]} Bb7 {[%emt 0:00:10]} 28. Na4 {[%emt 0:03:27]} d6 {[%emt 0:04:08]} 29. bxa6 {[%emt 0:00:12]} Bxa6 {[%emt 0:02:38]} 30. Rb1 {[%emt 0:01:12]} Bb7 {[%emt 0:02:53]} 31. Nc3 {[%emt 0:02:35]} Bc6 {[%emt 0:00:29]} 32. Bc2 {[%emt 0:00:49]} Rae8 {[%emt 0:03:50]} 33. Rbd1 {[%emt 0:01:01]} Rc5 {[%emt 0:04:40]} 34. Ba4 {[%emt 0:01:18]} Re3 {[%emt 0:01:41]} 35. Nb5+ {[%emt 0:02:44]} Bxb5 {[%emt 0:00:05]} 36. Bxb5 {[%emt 0:00:01]} Re6 {[%emt 0:03:32]} 37. a4 {[%emt 0:00:04]} Rce5 {[%emt 0:00:08]} 38. R4d2 {[%emt 0:02:26]} h5 {[%emt 0:00:14]} 39. Ra2 {[%emt 0:00:43]} Ng4 {[%emt 0:01:08]} 40. g3 {[%emt 0:00:32]} h4 {[%emt 0:00:56]} 41. gxh4 {[%emt 0:30:27]} Ne3 {[%emt 0:30:30]} 42. Rc1 {[%emt 0:00:00]} Rf5 {[%emt 0:00:00]} 43. Kh1 {[%emt 0:00:00]} Ng4 {[%emt 0:00:00]} 44. Rg2 {[%emt 0:00:00]} Nf2+ {[%emt 0:00:00]} 45. Kg1 {[%emt 0:00:00]} Nh3+ {[%emt 0:00:00]} 46. Kh1 {[%emt 0:00:00]} Nf2+ {[%emt 0:00:00]} 47. Kg1 {[%emt 0:00:00]} Nh3+ {[%emt 0:00:00]} 48. Kh1 {[%emt 0:00:00]} Nf2+ {[%emt 0:00:00]} 1/2-1/2